Statistics for Video Game by Its Logo

Click here to take the quiz!

General Stats

  • This quiz has been taken 71 times
  • The average score is 8 of 16

Answer Stats

Answer% Correct
Mortal Kombat
96%
Overwatch
93%
Portal
75%
Valorant
75%
Dead by Daylight
66%
Apex Legends
61%
Elden Ring
55%
Team Fortress 2
49%
The Witcher
43%
Warframe
30%
Max Payne
28%
Stray
27%
Heavy Rain
24%
Silent Hill
24%
The Elder Scrolls Online
15%
Dishonored
13%

Score Distribution

Percentile by Number Answered

Percent of People with Each Score

Your Score History

You have not taken this quiz